[Event "Africa-ch U20 Girls"]
[Site "Nouakchott"]
[Date "2023.12.06"]
[Round "1"]
[White "Mudodo, Refiloe Hazel"]
[Black "Antonio, Renelsa Taiane"]
[Result "1/2-1/2"]
[WhiteElo "1742"]
[BlackElo "1459"]
[PlyCount "37"]
[EventDate "2023.12.06"]
[EventType "swiss"]
[EventRounds "9"]
[EventCountry "MAU"]
[SourceTitle "EXT 2025"]
[Source "ChessBase"]
[SourceDate "2024.10.14"]
[SourceVersion "1"]
[SourceVersionDate "2024.10.14"]
[SourceQuality "1"]

1. d4 d5 2. Bf4 e6 3. Nf3 c5 4. c3 Nf6 5. Nbd2 Bd6 6. Bg3 0-0 7. e3 b6 8. Bd3 Bb7 9. Ne5 Nc6 10. e4 dxe4 11. Nxe4 Bxe5 12. dxe5 Nxe5 13. Bxe5 Bxe4 14. Bxf6 Qxd3 15. Qg4 Bg6 16. Be5 Rad8 17. Rd1 Qc2 18. c4 Rxd1+ 19. Qxd1 1/2-1/2

[Event "Olympiad Women-44"]
[Site "Chennai"]
[Date "2022.08.08"]
[Round "10.4"]
[White "Antonio, Renelsa Taiane"]
[Black "Leung, Hoi Ting"]
[Result "1-0"]
[WhiteElo "1471"]
[BlackElo "1277"]
[PlyCount "117"]
[EventDate "2022.07.29"]
[EventType "team-swiss"]
[EventRounds "11"]
[EventCountry "IND"]
[SourceTitle "CBM 210"]
[Source "ChessBase"]
[SourceDate "2022.10.31"]
[SourceVersion "1"]
[SourceVersionDate "2022.10.31"]
[SourceQuality "1"]
[WhiteTeam "Angola (W)"]
[BlackTeam "Hong Kong (W)"]
[WhiteTeamCountry "ANG"]
[BlackTeamCountry "HKG"]

1. e4 e6 2. Nc3 d5 3. exd5 exd5 4. d4 Nf6 5. Nf3 Be6 6. Be3 c6 7. Bd3 Bd6 8. Ne2 Qc7 9. c3 Nbd7 10. Qc2 h6 11. h3 Rc8 12. Qd2 c5 13. dxc5 Bxc5 14. Ned4 Bxd4 15. Nxd4 a6 16. Bf5 Nc5 17. Nxe6 Nxe6 18. 0-0 Qc6 19. Rad1 Rd8 20. Rfe1 0-0 21. f3 Qd6 22. Qf2 Qc6 23. Qg3 Kh8 24. Qh4 Qc4 25. Qxc4 dxc4 26. Bxe6 fxe6 27. Bc5 Rxd1 28. Rxd1 Rc8 29. Bd4 Rd8 30. Re1 Rd6 31. Kf2 Kg8 32. Re2 Kf7 33. f4 Rd5 34. Kf3 Nd7 35. g4 g6 36. Kg3 Rb5 37. h4 Rd5 38. Kf3 Rb5 39. Ke4 Nf6+ 40. Bxf6 Kxf6 41. g5+ hxg5 42. hxg5+ Ke7 43. Rd2 Rc5 44. Rh2 Kd6 45. Rh6 Rb5 46. Rxg6 Rxb2 47. f5 Re2+ 48. Kf3 Re1 49. f6 Ke5 50. Kf2 Re4 51. Kg3 b5 52. f7 Re3+ 53. Kf2 Rxc3 54. f8Q Rc2+ 55. Ke3 Rc3+ 56. Kd2 Rd3+ 57. Kc2 Re3 58. Qc5+ Kf4 59. Rf6+ 1-0

[Event "Olympiad Women-44"]
[Site "Chennai"]
[Date "2022.08.07"]
[Round "9.4"]
[White "Antonio, Renelsa Taiane"]
[Black "Hapala, Elisabeth"]
[Result "0-1"]
[WhiteElo "1471"]
[BlackElo "2113"]
[PlyCount "96"]
[EventDate "2022.07.29"]
[EventType "team-swiss"]
[EventRounds "11"]
[EventCountry "IND"]
[SourceTitle "CBM 210"]
[Source "ChessBase"]
[SourceDate "2022.10.31"]
[SourceVersion "1"]
[SourceVersionDate "2022.10.31"]
[SourceQuality "1"]
[WhiteTeam "Angola (W)"]
[BlackTeam "Austria (W)"]
[WhiteTeamCountry "ANG"]
[BlackTeamCountry "AUT"]

1. e4 c5 2. Nc3 e6 3. Nf3 a6 4. a4 Qc7 5. Be2 Nc6 6. d3 g6 7. Be3 d6 8. d4 cxd4 9. Nxd4 Bg7 10. Nxc6 bxc6 11. a5 Nf6 12. Bb6 Qe7 13. f4 Bb7 14. 0-0 c5 15. Bf3 0-0 16. Qd2 Ne8 17. Na4 e5 18. f5 Bf6 19. g4 Bg5 20. Qf2 Kh8 21. Rad1 Rg8 22. Kh1 gxf5 23. gxf5 Bf4 24. Rg1 Nf6 25. Nc3 Rg5 26. Rxg5 Bxg5 27. Rg1 Rg8 28. h4 Bf4 29. Rxg8+ Kxg8 30. Qg2+ Kh8 31. Ne2 Nxe4 32. Nxf4 exf4 33. Kg1 Qxh4 34. c3 Qe1+ 35. Kh2 Qh4+ 36. Kg1 d5 37. c4 Qe1+ 38. Kh2 Qh4+ 39. Kg1 dxc4 40. Bxc5 Qe1+ 41. Kh2 Qg3+ 42. Kg1 Nxc5 43. Qxg3 fxg3 44. Bd1 Kg7 45. Bc2 Kf6 46. Bb1 h5 47. Bc2 h4 48. Bd1 h3 0-1

[Event "Olympiad Women-44"]
[Site "Chennai"]
[Date "2022.07.31"]
[Round "3.4"]
[White "Antonio, Renelsa Taiane"]
[Black "Reifer Belle, Chanon"]
[Result "1-0"]
[WhiteElo "1471"]
[BlackElo "1213"]
[PlyCount "129"]
[EventDate "2022.07.29"]
[EventType "team-swiss"]
[EventRounds "11"]
[EventCountry "IND"]
[SourceTitle "CBM 210"]
[Source "ChessBase"]
[SourceDate "2022.10.31"]
[SourceVersion "1"]
[SourceVersionDate "2022.10.31"]
[SourceQuality "1"]
[WhiteTeam "Angola (W)"]
[BlackTeam "Barbados (W)"]
[WhiteTeamCountry "ANG"]
[BlackTeamCountry "BAR"]

1. e4 e5 2. Nf3 Nc6 3. Bb5 a6 4. Ba4 Nf6 5. d3 b5 6. Bb3 Be7 7. c3 d6 8. h3 Na5 9. Bc2 c5 10. Nbd2 0-0 11. 0-0 Re8 12. Re1 Bf8 13. Nf1 h6 14. Ng3 Nc6 15. Qe2 Qc7 16. Be3 Bb7 17. Nh2 Ne7 18. Qf3 Kh7 19. Nf5 Nfg8 20. Ng4 Nxf5 21. Qxf5+ g6 22. Nf6+ Nxf6 23. Qxf6 Bg7 24. Qh4 Qe7 25. Qxe7 Rxe7 26. Kh2 Rc8 27. g4 Rcc7 28. a4 b4 29. a5 Bc8 30. Bb3 Be6 31. Bxe6 Rxe6 32. cxb4 cxb4 33. Rec1 Rd7 34. Ra4 d5 35. Bb6 Bf8 36. Raa1 Be7 37. Rc2 Bd8 38. Bxd8 Rxd8 39. Rc7 Rf6 40. Rc2 Rf3 41. Ra4 dxe4 42. dxe4 b3 43. Re2 Rdd3 44. Rb4 Rxh3+ 45. Kg2 Rh4 46. f3 f5 47. Rb7+ Kg8 48. exf5 gxf5 49. Rxe5 Rd8 50. gxf5 Rc4 51. Rxb3 Rd2+ 52. Kg3 Rcc2 53. Re8+ Kf7 54. Reb8 Rg2+ 55. Kf4 Rc4+ 56. Ke3 Rg5 57. R3b7+ Kf6 58. Rf8+ Ke5 59. f4+ Rxf4 60. Re7+ Kd6 61. Re6+ Kd7 62. Kxf4 Rg2 63. Rf7+ Kd8 64. Rxh6 Ke8 65. Rb7 1-0

[Event "Online Olym Div2 D"]
[Site "Chess.com INT"]
[Date "2021.09.04"]
[Round "8.4"]
[White "Francisco Guecamburu, Candela Be"]
[Black "Antonio, Renelsa Taiane"]
[Result "1-0"]
[WhiteElo "2034"]
[BlackElo "1375"]
[PlyCount "143"]
[EventDate "2021.09.02"]
[EventType "team (rapid)"]
[EventRounds "9"]
[EventCountry "USA"]
[SourceTitle "CBM 204 Extra"]
[Source "ChessBase"]
[SourceDate "2021.11.30"]
[SourceVersion "1"]
[SourceVersionDate "2021.11.30"]
[SourceQuality "1"]
[WhiteTeam "Argentina"]
[BlackTeam "Angola"]
[WhiteTeamCountry "ARG"]
[BlackTeamCountry "ANG"]

1. e4 e5 2. Nf3 Nc6 3. Bb5 Bc5 4. d3 Nf6 5. 0-0 d6 6. c3 Bd7 7. h3 0-0 8. Ba4 h6 9. Re1 Bb6 10. Nbd2 Ne7 11. Bxd7 Qxd7 12. Nf1 Ng6 13. Ng3 d5 14. Qc2 dxe4 15. dxe4 Rad8 16. a4 a6 17. Be3 Bxe3 18. Rxe3 Qc6 19. Nf5 Kh7 20. Kh2 Rd7 21. Rg1 Rfd8 22. g4 Re8 23. g5 Ng8 24. gxh6 Nxh6 25. N3h4 Nxh4 26. Nxh4 g6 27. Reg3 Rg8 28. Nf3 f6 29. h4 Qe6 30. Qe2 Qc6 31. Qc2 b6 32. Rh3 Qe6 33. Ng5+ fxg5 34. hxg5 Kg7 35. gxh6+ Kh7 36. Qe2 Rf7 37. Rgg3 Rgf8 38. f3 Rf4 39. Qxa6 Qf7 40. Qb7 Qd7 41. Qa6 Qd2+ 42. Rg2 Qe3 43. Re2 Qc1 44. Qd3 R4f7 45. Qe3 Qxe3 46. Rxe3 Rd7 47. Rg3 Kxh6 48. Re2 Rf6 49. Rh3+ Kg7 50. Kg2 Rfd6 51. Rh1 Rd2 52. Kf2 Kf6 53. Ra1 Rxe2+ 54. Kxe2 c5 55. b4 cxb4 56. cxb4 Rd4 57. a5 Rxb4 58. a6 Rc4 59. a7 Rc2+ 60. Kd3 Rf2 61. a8Q Rxf3+ 62. Ke2 Rf4 63. Rf1 Rxf1 64. Kxf1 b5 65. Qc6+ Kg5 66. Qxb5 Kf4 67. Qd5 g5 68. Kg2 g4 69. Qc6 g3 70. Qb7 Kg4 71. Qf7 Kh4 72. Qg8 1-0

[Event "Online Olym Div2 D"]
[Site "Chess.com INT"]
[Date "2021.09.03"]
[Round "4.5"]
[White "Antonio, Renelsa Taiane"]
[Black "Urh, Zala"]
[Result "0-1"]
[WhiteElo "1375"]
[BlackElo "2234"]
[PlyCount "54"]
[EventDate "2021.09.02"]
[EventType "team (rapid)"]
[EventRounds "9"]
[EventCountry "USA"]
[SourceTitle "CBM 204 Extra"]
[Source "ChessBase"]
[SourceDate "2021.11.30"]
[SourceVersion "1"]
[SourceVersionDate "2021.11.30"]
[SourceQuality "1"]
[WhiteTeam "Angola"]
[BlackTeam "Slovenia"]
[WhiteTeamCountry "ANG"]
[BlackTeamCountry "SLO"]

1. e4 c5 2. d3 Nc6 3. Be3 d6 4. Nf3 g6 5. Nc3 Bg7 6. Rb1 e6 7. Be2 Nge7 8. 0-0 0-0 9. a3 b6 10. Bf4 e5 11. Bg3 f5 12. exf5 gxf5 13. h3 Kh8 14. Ng5 Bf6 15. f4 Ng6 16. Qd2 exf4 17. Bxf4 Nxf4 18. Qxf4 Bxg5 19. Qf3 Bb7 20. Qd5 Qd7 21. Bf3 Rab8 22. Rbe1 Nd4 23. Qa2 Nxf3+ 24. gxf3 Qg7 25. Re2 Rg8 26. Kh1 Qh6 27. Kg2 Bf4+ 0-1

[Event "Wch FIDE Online U16 Girls Africa qual"]
[Site "Tornelo INT"]
[Date "2020.11.30"]
[Round "6"]
[White "Antonio, Renelsa Taiane"]
[Black "Miladi, Amen"]
[Result "0-1"]
[WhiteElo "1088"]
[BlackElo "1707"]
[PlyCount "170"]
[EventDate "2020.11.28"]
[EventType "swiss (rapid)"]
[EventRounds "7"]
[EventCountry "ISS"]
[SourceTitle "EXT 2022"]
[Source "ChessBase"]
[SourceDate "2021.10.06"]
[SourceVersion "1"]
[SourceVersionDate "2021.10.06"]
[SourceQuality "1"]

1. e4 c5 2. Nf3 e6 3. Nc3 a6 4. a3 d5 5. exd5 exd5 6. d4 Nc6 7. dxc5 d4 8. Na2 Bxc5 9. Be2 Nf6 10. 0-0 0-0 11. Bg5 h6 12. Bh4 Be7 13. h3 Qb6 14. Rb1 Be6 15. Nc1 Nd5 16. Bxe7 Ndxe7 17. Nb3 Rfd8 18. Bd3 Nd5 19. Bc4 Nf4 20. Bxe6 Nxe6 21. Nh2 Ne5 22. Nf3 Nc4 23. Qe2 Rac8 24. Rfd1 Nf4 25. Qe4 d3 26. cxd3 Qxb3 27. Qxf4 Rxd3 28. Rxd3 Qxd3 29. Rc1 Nb6 30. Rxc8+ Nxc8 31. Qc7 Qd1+ 32. Kh2 Qd6+ 33. Qxd6 Nxd6 34. Ne1 Kf8 35. Kg3 Ke7 36. Kf3 Ke6 37. Nd3 Kd5 38. Ke3 Nc4+ 39. Ke2 Ne5 40. Nxe5 Kxe5 41. Kd3 Kd5 42. f3 b6 43. b4 h5 44. g3 g5 45. g4 h4 46. a4 f6 47. Kc3 Ke5 48. Kc4 Kf4 49. Kd5 Kg3 50. Kc6 Kxh3 51. Kxb6 Kg2 52. Kxa6 h3 53. b5 h2 54. b6 h1Q 55. b7 Qh8 56. Ka7 Qg7 57. Ka8 Kxf3 58. b8Q Kxg4 59. Qc8+ f5 60. a5 Qd4 61. a6 Kg3 62. Qc7+ f4 63. a7 Qd5+ 64. Kb8 Qg8+ 65. Kb7 Qb3+ 66. Qb6 Qd5+ 67. Ka6 f3 68. Qc7+ Kg2 69. Qc2+ f2 70. Kb6 Qd4+ 71. Kb7 Qd5+ 72. Ka6 Qa8 73. Kb6 Kg1 74. Qf5 f1Q 75. Qxf1+ Kxf1 76. Ka6 g4 77. Kb6 g3 78. Ka6 g2 79. Kb5 g1Q 80. Kb4 Qg5 81. Kc4 Qxa7 82. Kb4 Qd4+ 83. Kb3 Qge3+ 84. Kc2 Qdd2+ 85. Kb1 Qee1# 0-1

[Event "Wch FIDE Online U16 Girls Africa qual"]
[Site "Tornelo INT"]
[Date "2020.11.29"]
[Round "5"]
[White "Hwass, Zaineb"]
[Black "Antonio, Renelsa Taiane"]
[Result "0-1"]
[WhiteElo "1440"]
[BlackElo "1088"]
[PlyCount "163"]
[EventDate "2020.11.28"]
[EventType "swiss (rapid)"]
[EventRounds "7"]
[EventCountry "ISS"]
[SourceTitle "EXT 2022"]
[Source "ChessBase"]
[SourceDate "2021.10.06"]
[SourceVersion "1"]
[SourceVersionDate "2021.10.06"]
[SourceQuality "1"]

1. d4 d5 2. Bf4 Nf6 3. e3 Nc6 4. c3 Bf5 5. Qb3 Rb8 6. Nd2 e6 7. Ngf3 h6 8. h3 Bd6 9. Bxd6 Qxd6 10. Be2 0-0 11. 0-0 Bh7 12. Rfe1 e5 13. dxe5 Nxe5 14. Nd4 Qb6 15. Qxb6 cxb6 16. N2f3 Nxf3+ 17. Bxf3 a6 18. Red1 Be4 19. Bxe4 dxe4 20. Ne2 Rfd8 21. Nf4 g5 22. Ne2 Rd3 23. Nd4 Rxd1+ 24. Rxd1 Rd8 25. Kf1 Rd7 26. Ke1 b5 27. Nf5 Rxd1+ 28. Kxd1 h5 29. Nd6 b6 30. Nc8 Nd7 31. Kd2 Kg7 32. Nd6 Nf6 33. Nc8 Nd7 34. Ne7 Kf6 35. Nd5+ Kf5 36. Nc7 Nb8 37. Nd5 Nd7 38. Nb4 a5 39. Nc6 Kg6 40. Nd4 b4 41. cxb4 axb4 42. Kc2 Nc5 43. Nc6 Nd3 44. f3 Nc5 45. Nxb4 exf3 46. gxf3 f5 47. Nd5 Nd7 48. b3 Ne5 49. f4 Nd7 50. Kc3 g4 51. hxg4 fxg4 52. Kd2 Kf5 53. Kd3 h4 54. e4+ Kg6 55. Ne7+ Kf6 56. Nd5+ Kg6 57. Ne7+ Kh5 58. Nf5 h3 59. Ng3+ Kh4 60. Nf5+ Kh5 61. Ng3+ Kh6 62. e5 Kg6 63. Ke4 h2 64. e6 Nc5+ 65. Kd5 Kf6 66. Kd6 Nxe6 67. Ne4+ Kf7 68. Ng3 Nxf4 69. Kc6 Ne2 70. Nh1 g3 71. a4 g2 72. Nf2 g1Q 73. Nd3 h1Q+ 74. Kb5 Qd5+ 75. Ka6 Qxd3+ 76. Ka7 b5+ 77. Kb7 bxa4 78. b4 Qc4 79. Kb8 Qb1 80. Ka7 a3 81. b5 a2 82. b6 0-1

[Event "Africa-ch U14 Girls"]
[Site "Windhoek"]
[Date "2019.12.19"]
[Round "5.2"]
[White "Joubert, Natasha"]
[Black "Antonio, Renelsa Taiane"]
[Result "0-1"]
[WhiteElo "1189"]
[BlackElo "1222"]
[PlyCount "65"]
[EventDate "2019.12.16"]
[EventType "swiss"]
[EventRounds "9"]
[EventCountry "NAM"]
[SourceTitle "EXT 2024"]
[Source "ChessBase"]
[SourceDate "2023.10.10"]
[SourceVersion "1"]
[SourceVersionDate "2023.10.10"]
[SourceQuality "1"]

1. e4 e5 2. Nf3 Nc6 3. d4 exd4 4. Nxd4 Nxd4 5. Qxd4 d6 6. Nc3 Nf6 7. Bg5 Be7 8. 0-0-0 0-0 9. Bc4 c5 10. Qd2 Qb6 11. Bxf6 Bxf6 12. Qxd6 Qxd6 13. Rxd6 Bg4 14. f3 Bh5 15. g4 Bg6 16. h4 h6 17. e5 Bxe5 18. Rd5 Bd4 19. Rd6 Bh7 20. Ne2 Rad8 21. Rxd8 Rxd8 22. Kb1 Bf6 23. Nc3 Bxc3 24. bxc3 b5 25. Be2 c4 26. Rd1 Rxd1+ 27. Bxd1 f5 28. Kb2 Bg6 29. h5 Bf7 30. Kc1 g6 31. hxg6 Bxg6 32. Kd2 a6 33. f4 0-1

[Event "Africa-ch U14 Girls"]
[Site "Windhoek"]
[Date "2019.12.17"]
[Round "3.2"]
[White "Sarah, Momanyi Mukeira"]
[Black "Antonio, Renelsa Taiane"]
[Result "0-1"]
[WhiteElo "1083"]
[BlackElo "1222"]
[PlyCount "45"]
[EventDate "2019.12.16"]
[EventType "swiss"]
[EventRounds "9"]
[EventCountry "NAM"]
[SourceTitle "EXT 2024"]
[Source "ChessBase"]
[SourceDate "2023.10.10"]
[SourceVersion "1"]
[SourceVersionDate "2023.10.10"]
[SourceQuality "1"]

1. e4 e5 2. Nf3 Nc6 3. Bb5 Bc5 4. Bxc6 dxc6 5. Nxe5 Qd4 6. Nd3 Qxe4+ 7. Qe2 Qxe2+ 8. Kxe2 Bb6 9. Re1 Be6 10. Kf1 0-0-0 11. Kg1 Nf6 12. Nc3 a6 13. b3 Bf5 14. Ne5 Rhe8 15. Bb2 Rxd2 16. Re2 Rxc2 17. Rxc2 Bxc2 18. Nxf7 h6 19. Na4 Ba7 20. Bxf6 gxf6 21. Nxh6 Re2 22. Ng4 Bf5 23. Ne3 0-1

[Event "Africa-ch U1700/2300 (Women)"]
[Site "Windhoek"]
[Date "2019.01.02"]
[Round "4.5"]
[White "Mpinganjira, Ellen"]
[Black "Antonio, Renelsa Taiane"]
[Result "1/2-1/2"]
[WhiteElo "1446"]
[BlackElo "1124"]
[PlyCount "76"]
[EventDate "2018.12.31"]
[EventType "swiss"]
[EventRounds "9"]
[EventCountry "NAM"]
[SourceTitle "EXT 2024"]
[Source "ChessBase"]
[SourceDate "2023.10.10"]
[SourceVersion "1"]
[SourceVersionDate "2023.10.10"]
[SourceQuality "1"]

1. e4 e5 2. Nf3 Nc6 3. Bb5 Nge7 4. d3 Ng6 5. a3 Be7 6. 0-0 0-0 7. Nc3 d6 8. h3 Bd7 9. Bd2 a6 10. Ba4 Nd4 11. Bxd7 Nxf3+ 12. Qxf3 Qxd7 13. Nd5 Rab8 14. Ne3 Bg5 15. Qe2 Ne7 16. Ng4 Bxd2 17. Qxd2 f5 18. exf5 Rxf5 19. Rae1 Ng6 20. g3 Rbf8 21. Qe3 Rh5 22. Kg2 Nh8 23. f4 Nf7 24. fxe5 Nxe5 25. Rxf8+ Kxf8 26. Qf4+ Rf5 27. Nxe5 dxe5 28. Qxf5+ Qxf5 29. Rf1 Qxf1+ 30. Kxf1 Kf7 31. Ke2 Kf6 32. Kf3 h5 33. b4 b5 34. Ke4 c6 35. c3 g6 36. h4 g5 37. hxg5+ Kxg5 38. Kf3 Kf5 1/2-1/2

[Event "Africa-ch U1700/2300 (Women)"]
[Site "Windhoek"]
[Date "2018.12.31"]
[Round "1.5"]
[White "Antonio, Renelsa Taiane"]
[Black "Ndachipiwa, Kgomotso"]
[Result "1/2-1/2"]
[WhiteElo "1124"]
[BlackElo "1561"]
[PlyCount "59"]
[EventDate "2018.12.31"]
[EventType "swiss"]
[EventRounds "9"]
[EventCountry "NAM"]
[SourceTitle "EXT 2024"]
[Source "ChessBase"]
[SourceDate "2023.10.10"]
[SourceVersion "1"]
[SourceVersionDate "2023.10.10"]
[SourceQuality "1"]

1. e4 e5 2. Nf3 Nc6 3. Nc3 Nf6 4. Bb5 d6 5. Bxc6+ bxc6 6. d4 exd4 7. Qxd4 Be7 8. 0-0 0-0 9. Bf4 c5 10. Qd2 Bb7 11. Rfe1 Re8 12. Bg5 Rb8 13. Rab1 a6 14. Re2 h6 15. Bxf6 Bxf6 16. b3 Rf8 17. h3 Bc6 18. a4 Qc8 19. Nd5 Bxd5 20. Qxd5 Qb7 21. Qxb7 Rxb7 22. e5 dxe5 23. Nxe5 Bxe5 24. Rxe5 c4 25. f3 f6 26. Rd5 Kf7 27. Rd7+ Ke6 28. Rd4 Re8 29. Kf2 g6 30. Ke3 1/2-1/2